El Movimiento indígena en Costa Rica: origen, principios y resumen de actividades desarrolladas durante el período setiembre 81 diciembre 82
Պահպանված է:
| Համատեղ հեղինակ: | |
|---|---|
| Ձևաչափ: | Տեքստ |
| Հրապարակվել է: |
San José:
ASINDIGENA
|
| Ցուցիչներ: |
Ավելացրեք ցուցիչ
Չկան պիտակներ, Եղեք առաջինը, ով նշում է այս գրառումը!
|
MARC
| LEADER | 00000 a a2200000 04500 | ||
|---|---|---|---|
| 001 | 22943 | ||
| 003 | |||
| 040 | |a CRAI/IIS |c CRAI/IIS | ||
| 090 | |a 157500 | ||
| 110 | |a Asociación Indígena de Costa Rica | ||
| 245 | |a El Movimiento indígena en Costa Rica: origen, principios y resumen de actividades desarrolladas durante el período setiembre 81 diciembre 82 | ||
| 260 | |a San José: |b ASINDIGENA | ||
| 300 | |a 90 p. |b il. | ||
| 999 | |c 9117 |d 9117 | ||
